| 000 | 00527nam a2200193Ia 4500 | ||
|---|---|---|---|
| 003 | 0100 | ||
| 008 | 130307s9999 xx 000 0 und d | ||
| 040 | _cARRUPELIB | ||
| 050 | _aMT860.K5 1945 | ||
| 100 | _aKlarmann, Andrew F | ||
| 245 | _aGregorian chant | ||
| 245 | _ba textbook for seminaries, novitiates, and secondary schools | ||
| 260 | _aToledo OH | ||
| 260 | _bGregorian Institute of America | ||
| 260 | _c1945 | ||
| 300 | _a148p | ||
| 650 | _bCatholic Church -- Doctrinal and controversial works | ||
| 942 | 0 | 0 | _01 |
| 999 |
_c83245 _d83245 |
||